Władcy Polski Od 966 do współczesności (DLA KOLEGI IGNACEGO) - Statystyki

Ogólne statystyki
  • Ten quiz został rozwiązany 389 razy
  • Średni wynik to 28 z 58
Statystyki odpowiedzi
Okres Panowania Ciekawostka % Poprawnych
992-1025 Pierwszy Król Polski Bolesław Chrobry
96%
960-992 To za jego panowania polska przyjeła chrzest Mieszko I
94%
1025-1033 Drugi król Polski Mieszko II
83%
1333-1370 Zastał Polskę Drewnianą a zostawił Murowaną Kazimierz Wielki
80%
2015-Do Teraz Za jego kadencjii mamy 500+ Oraz Reformę edukacjii Andrzej Duda
72%
1386-1434 Walczył pod Grunwaldem Podpisał pokój toruński Władysław Jagiełło
69%
1384-1399 Królowa z tytuem Króla przez dwa lata rządziła sama Jadwiga
67%
2005-2010 Zginął Podczas Katastrofy Smoleńskiej Lech Kaczyński
67%
1990-1995 Otrzymał Pokojową Nagrodę Nobla Lech Wałęsa
67%
1102-1138 Rozbił Polskę na dzielnicę Bolesław Krzywousty
66%
1306-1333 Zakończył rozbicie dzielnicowe Przedostatni Piast Władysław Łokietek
66%
1764-1795 Podpisał Konstytucję 3 Maja oraz akty rozbiorowe Stanisław August Poniatowski
63%
1674-1696 Król który zwycięży Pod Wiedniem Mieszkał na Wilanowie Jan Sobieski
62%
2010-2015 Słynie z powiedzenia Można? Moszna Bronisław Komorowski
59%
1506-1548 Król Nazywany Starym jego imieniem nazwano dzwon Zygmunt Stary
59%
1995-2005 Za jego kandydatury Polska weszła do NATO i U.E Aleksander Kwaśniewski
57%
1039-1040 On Przeniósł stolicę z Gniezna do Krakowa Kazimierz Odnowiciel
57%
1985-1990 Ogłosił Stan Wojenny Wojciech Jaruzelski
57%
1370-1382 Król zzagranicy nazywany węgierskim Ludwik Węgierski
55%
1058-1079 Nazywano Go Sczodrym III Król Polski Bolesław Szczodry
54%
1492-1501 "Za Olbrachta wyginęła szlachta" Jan Olbracht
54%
1229-1243 Sprowadził Krzyżaków do Polski Konrad Mazowiecki
54%
1576-1586 Za Jego Czasów Polacy Wywalczyli Inflanty Stefan Batory
54%
1587-1632 Szwedzki Król Przeniósł stolicę z Krakowa do Warszawy Zygmunt Waza
53%
1918-1922 Naczelny Wódz Od Jego nazwiska pochodzą słynne legiony Józef Piłsudski
52%
1573-1575 Francuski Król Uciekł Z Polski Henryk Walezy
51%
1922-do Maja 22 Prezydent Zginął podczas przewrotu majowego Gabriel Narutowicz
49%
1434-1444 Król Który zginął pod Warną Władysław Warneńczyk
48%
1697-1733 Pierwszy Król z Dynastii Wettynów Nazywany mocnym August Mocny
47%
1733-1763 Król Naywany Sasem August Sas
46%
1994-1227 Nazywany Białym Leszek Biały
45%
1548-1572 Ostatni Król z dynastii Jagiellonów Podpisał Unię Lubelską Zygmunt August
45%
1947-1956 Pierwszy Prezydent PRL Marionetka Stalina Bolesław Bierut
43%
1243-1279 Jego Przydomek pochodzi od Wstydliwości Bolesław Wstydliwy
43%
1447-1492 Za jego panowania Pomorze gdańskie powróciło do nas Kazimierz Jagiellończyk
43%
1669-1673 Król Nazywany Korybutem Od Jeremiego Michał Korybut Wiśniowiecki
43%
1648-1668 Abdykował Podczas Potpou Szweckiego Jan Kazimierz
41%
1138-1146 Został Wygnany I Zwierzchnik Dzielnic Władysław Wygnaniec
41%
1279-1288 Nazywany Czarnym Leszek Czarny
40%
1926-1939 Prezydent Polski w HOI IV na podstawce Ignacy Mościcki
39%
1291-1305 Król z Czech Przejął Koronę po śmierci poprzednika Wacław II
39%
1290-1296 Próbował Zjednoczyć Polskę Przemysł II
38%
1632-1648 Mógł zostać Carem Rosysjkim Władysław Waza
38%
1173-1177 III Zwierzchnik Dzielnic nazywano go starym Mieszko Stary
37%
1079-1098 Nic ciekawego nie zrobił :p Władysław Herman
35%
1501-1506 Panował na Litwie do śmierci Olbrachta Aleksander Jagiellończyk
34%
1704-1706/33-36 Zbuntował się i zrzucił poprzednika z tronu Stanisław Leszczyński
34%
1225-1238 Jego przydomek pochodzi od jego brody Henryk Brodaty
33%
1202-1229 Nazywany Laskonogim Władysław Laskonogi
33%
1177-1194 Urodził się Po Śmierci swojego Ojc Kazimierz Sprawiedliwy
25%
1146-1173 Panował Na Mazowszu II Zwiechnik Dzielnic Bolesław Kędzierzawy
24%
1922-1926 Nazywany Chemikem Prezydent z ugrupowania PSL Stanisław Wojciechowski
24%
1970-1972 Miał na nazwisko Cyrankiewicz Józef Cyrankiewicz
22%
1968-1970 Jego nazwisko mówi że marian spychał wszystkich Marian Spychalski
19%
1964-1968 Jego Nazwisko Opwiem Sucharem O Schab Edward Ochab
15%
1807-1815 Napoleon Postawił go na głowę księstwa warszawskiego Fryderyk August
15%
1972-1985 Ustąpił Funkcję Generałowi Henryk Jabłoński
6%
1952-1964 Następca Bieruta To on tłumił Głośniejsze Strajki Aleksander Zalewski
1%
Nie znaleziono quizów pasujących do podanych kryteriów
Rozkład punktacji
Procent ludzi z każdym wynikiem
Percentyl według liczby udzielonych odpowiedzi
Twoja historia wyników
Nie rozwiązałeś tego quizu